Italian Language Garage Items - Statistics

General Stats
  • This quiz has been taken 101 times
    54 since last reset
  • The average score is 15 of 19
Answer Stats
Hint Answer % Correct
light switch interrutorre della luce
100%
car macchina/auto
100%
hammer martello
100%
saw sega
100%
flashlight torcia elettrica
100%
garage autorimessa
80%
screwdriver cacciavite
80%
sandpaper carta vetrata
80%
wrench chiave
80%
tape measure metro a nastro
80%
shovel pala
80%
toolbox scatola degli utensili
80%
lawn mower tosaerba
80%
hose tubo flessibile
80%
trash can bidone della spazzatura
60%
nail chiodo
60%
drill trapano
60%
screw vite
60%
electrical outlet presa
20%
No matching quizzes found
Score Distribution
Percent of People with Each Score
Percentile by Number Answered
Your Score History
You have not taken this quiz since the last reset